Primer anecdotario Enami. Sucesos, invenciones y verdades desde que Enami es Enami y aun antes y aun después

Furkejuvvon:
Bibliográfalaš dieđut
Váldodahkki: López Droguett, Germán (autor)
Materiálatiipa: Girji
Giella:espánnjágiella
Almmustuhtton: Viña del Mar ENAMI 1992
Fáttát:
Fáddágilkorat: Lasit fáddágilkoriid
Eai fáddágilkorat, Lasit vuosttaš fáddágilkora!

MARC

LEADER 00000nam a2200000 a 4500
001 UCI3090
003 CL-VaPUC
008 071012e19920000CL |||||||||||||||||spa|d
082 0 4 |a Ch863  |b LOP  |2 21 
100 |a López Droguett, Germán  |e autor  |9 524468 
245 1 0 |a Primer anecdotario Enami. Sucesos, invenciones y verdades desde que Enami es Enami y aun antes y aun después 
300 |a 99 p 
942 |c BK 
945 |d 20071012 00:00:00  |a rbrito 
260 |a Viña del Mar  |b ENAMI  |c 1992 
650 0 |a Cuentos chilenos   |9 308280 
583 |a last modification  |c 20071012 00:00:00  |k Rodrigo Vera 
999 |c 327484  |d 327482 
952 |0 0  |1 0  |4 0  |6 CH_863_000000000000000_LOP_1992  |7 0  |8 A  |9 410337  |a BIBMAT  |b BIBMAT  |d 2019-11-22  |i 4377907  |o Ch863 LOP 1992  |p 4377907  |r 2025-01-07  |w 2019-11-22  |y BK  |k MAT